Holiday Quiz

Random Holiday Quiz

Swashbucklin' Talk Like a Pirate Day Slideshow Quiz Stats

 Plays Quiz not verified by Sporcle

Score 0/10 Timer 04:00
0 Plays Today
% Correct
September
100%
Racquetball
89.4%
Founded
87.2%
Reddit
72.3%
Booty
70.2%
Minecraft
63.8%
Jolly Roger
57.4%
Humor
53.2%
Pastafarianism
44.7%
Krispy Kreme
42.6%

You're not logged in!

Compare scores with friends on all Sporcle quizzes.
OR
Log In

Sporcle TV

Today on Sporcle TV


Watch our educational content, quiz creation guides, and fun videos on Sporcle TV.

Show Comments

Extras

Top Quizzes Today


Score Distribution

Your Account Isn't Verified!

In order to create a playlist on Sporcle, you need to verify the email address you used during registration. Go to your Sporcle Settings to finish the process.

Report this User

Report this user for behavior that violates our Community Guidelines.

Details: